000 01045nam0a22002891 4500
001 v19\rc\1508821
005 20260405071200.0
035 _a(NLR Aleph) 004634088
090 _a3206183
_c3206183
100 _a20060620d1892 |||y0rusy50 ca
101 0 _arus
102 _aRU
105 _ay b |||||
200 1 _aЖитие святой великомученицы Екатерины
205 _a2-е изд.
210 _aМосква
_cЕ.И. Абрамова
_d1892
215 _a36 с.
_d17
300 _aЗагл. обл.: Житие и страдание святой великомуч. Екатерины
512 0 _aЖитие и страдание святой великомуч. Екатерины
702 0 _4570
_8rus
_7ca
_aЕкатерина Александрийская
_cсвятая
_f-ок.307
_3RU\NLR\AUTH\7717728
_9814
801 0 _aRU
_bNLR
_gpsbo
801 0 _aRU
_bRuMoRGB
_2psbo
801 1 _aRU
_bProSoft-M
_2rusmarc
852 _aNLR
_j18.188.3.381
899 _aRuMoRGB
_jW 525/90
942 _cBOOK
980 _aNB